000 01078cab a22002055a 4500
001 L145038
008 080902e20080830xxka f 000 0 eng d
035 _a(Sirsi) u145038
041 0 _aeng
100 1 _aMaccallum, Sara
245 0 0 _aTarget investments
260 _c2008
490 _aEstates Gazette
_v(0834) 30 August 2008, 92-93(2)
520 _aDiscusses the rise of property funds as UK property values fall, indicating that investors perceive them as fair value as medium term investments. Since December 2007, 21 UK property funds have launched, with an aggregate target gross asset value (GAV) of £11.3 billion. This is a considerable increase on the 19 funds launched from December 2006 to November 2007, with a GAV of £4.25 billion. Clarifies the differences between and the benefits of investing in limited partnerships (LPs); limited liability partnerships (LLPs) and offshore unit trusts.
651 4 _aUnited Kingdom
_y
690 _aPROPERTY-PROPERTY FINANCE AND INVESTMENT
700 1 _aStone, Nigel
700 1 _aWilmot-Smith, Andrew
942 _n0
999 _c80685
_d80685